000 00720nam a2200241Ia 4500
003 OSt
005 20220926010604.0
006 a|||||r|||| 00| 0
007 ta
008 220923b |||||||| |||| 00| 0 eng d
037 _cGeneral Book
040 _aRTL
_cRTL
_beng
041 _2eng
_aeng
082 _aX:9N4.58.N4, H7
100 _aDallin David J
245 0 _aForced labor in soviet russia
260 _aNew Haven
_bYale university press
_c1947
300 _axv, 331p. Bib p 309-319
_ccm.
650 _aPersonnel Management
_929105
700 _a Micolaevsky Boris I
_9312588
942 _hX:9N4.58.N4, H7
_cGB
_2CC
999 _c617685
_d617685